00472nam a2200157Ia 450000500170000000800410001708200130005810000220007124500290009326000400012230000130016250000190017594200060019495200990020099900150029920250508045037.0240331s9999 xx 000 0 und d bBALa894 aBalaubramaniam, R 0aAvanum sila varudangalum aChennaibKumaran Publicationsc2000 a256 p ., aA Social Novel cL 001040708LaWERCLbWERCLcSSCd2024-03-31l0o 894.811 BALp4439r2024-03-31w2024-03-31yL c4338d4338